Catalogue des statues et statuettes égyptiennes /
Main Author:
Other Authors:
Format: Book
Language:
French
Danish
Published:
Copenhague :
[publisher not identified],
1950.
Series:
Ny Carlsberg glyptotek. Publications ;
3.
NCGP ;
3.
Subjects:
Tags: Add Tag
Call Number: DT59 .C75 v.3
| LEADER | 01046namaa2200313 4500 | ||
|---|---|---|---|
| 001 | 3990 | ||
| 003 | OSt | ||
| 005 | 20260517062509.0 | ||
| 008 | 130303s1950 dk f c 001 0 fre d | ||
| 010 | |a 52027499 | ||
| 035 | |a ocm07077789 | ||
| 040 | |c ARCE Library | ||
| 041 | 1 | |a fre |h dan | |
| 050 | 4 | |a DT59 .C75 v.3 | |
| 100 | 1 | |a Koefoed-Petersen, Otto, |e author |9 34073 | |
| 245 | 1 | 0 | |a Catalogue des statues et statuettes égyptiennes / |c Otto Koefoed-Petersen ; [Traduction du manuscrit danois par France Gleizal]. |
| 264 | 1 | |a Copenhague : |b [publisher not identified], |c 1950. | |
| 300 | |a 92 pages : |b 150 plates ; |c 24 cm. | ||
| 490 | 1 | |a Ny Carlsberg glyptotek. Publications ; |v 3. | |
| 490 | 1 | |a NCGP ; |v 3. | |
| 500 | |a Includes index. | ||
| 650 | 0 | |a Sculpture |z Denmark |z Copenhagen |v Catalogs. | |
| 650 | 0 | |a Sculpture, Egyptian. | |
| 700 | 1 | |a Gleizal, Françoise Juliette Isabelle, |d 1880- |9 30834 | |
| 830 | 0 | |a Ny Carlsberg glyptotek. Publications ; |v 3. | |
| 830 | 0 | |a NCGP ; |v 3. | |
| 901 | |a reviewed | ||
| 942 | |c BK |2 lcc | ||
| 999 | |c 5538 |d 5538 | ||
